|
|
|
|
| LEADER |
00000nam a2200000 a 4500 |
| 005 |
20120119110540.0 |
| 007 |
cr|||| |||| |
| 008 |
030317s2002 spc|||||| 000 ||spa|| |
| 020 |
|
|
|a 8470880004
|
| 035 |
|
|
|a 6084
|
| 040 |
|
|
|d vLex
|
| 090 |
|
|
|c 2931
|d 2931
|
| 100 |
1 |
|
|a Jord ̉i Fernǹdez, Antoni
|
| 245 |
1 |
4 |
|a Las Diputaciones provinciales en sus inicios
|h [Recurso electrn̤ico] :
|b Tarragona, 1836-1840. La Guerra como alteracin̤ en la aplicacin̤ de la norma jurd̕ica /
|c Antoni Jord ̉Fernǹdez
|
| 256 |
|
|
|a Servicio en ln̕ea
|
| 260 |
|
|
|a [Tarragona] :
|b Diputacin̤ de Tarragona ;
|a Madrid :
|b Instituto Nacional de Administracin̤ Pb︢lica,
|c 2002
|
| 300 |
|
|
|a 1 recurso electrn̤ico
|
| 490 |
0 |
|
|a Cls̀icos e Historia de la Administracin̤
|
| 500 |
|
|
|a Estudio histr̤ico-jurd̕ico de la Diputacin̤ de Tarragona en los aǫs 1836-1840, durante la primera guerra carlista. Exhaustiva utilizacin̤ de las fuentes documentales del periodo.
|
| 504 |
|
|
|a Bibliografa̕
|
| 506 |
1 |
|
|a Contenido solo disponible en los productos indicados
|d vLex Global
|d vLex Global (Academic Edition, excluding Law Schools)
|d vLex Global (U.S. Academic Edition, Law Schools)
|d vLex Global (U.S. Academic Edition, excluding Law Schools)
|d vLex Global (Academic Edition, Law Schools)
|
| 610 |
1 |
4 |
|a Tarragona (Cataluą : Provn̕cia).
|b Diputacin̤
|x Historia
|
| 650 |
0 |
4 |
|a Diputaciones provinciales
|x Historia
|
| 740 |
0 |
|
|a vLex Libros (Servicio en ln̕ea)
|
| 830 |
|
0 |
|a Cls̀icos e historia de la administracin̤
|
| 856 |
4 |
0 |
|u http://vlex.com/source/diputaciones-provinciales-inicios-tarragona-1836-1840-guerra-alteracion-aplicacion-norma-juridica-6084
|z Acceso restringido
|
| 942 |
|
|
|c BOOK
|
| 999 |
0 |
|
|a Administrative law
|